Abel regala soles /

Guardado en:
Autor Principal: Schritter, Istvan
Otros Autores: Díaz, Silvina; dir.
Formato: Libro
Publicado: Buenos Aires : AZ, 2021.
Series:Serie del Boleto. Nivel 1
Materias:
Etiquetas: Agregar Etiqueta
Sin Etiquetas, Sea el primero en etiquetar este registro!
LEADER 00754nam a22002415a 4500
001 CEM.cems019575
008 220926s2021##################000#0#####d
005 20220926132713.0
245 1 0 |a Abel regala soles /  |c Istvan Schritter; dirigido por Silvina Díaz. 
260 |a Buenos Aires :  |b AZ,  |c 2021. 
300 |a 40 p. 
490 0 |a Serie del Boleto. Nivel 1 
500 |a Istvansch seudónimo de Istvan Schritter 
020 |a 9789873505041 
100 1 |a Schritter, Istvan 
700 1 |a Díaz, Silvina; dir. 
082 0 4 |a A868.4 
653 |a Literatura 
653 |a Literatura argentina 
653 |a Literatura infantil 
653 |a Cuentos infantiles 
653 |a Libro Álbum 
859 |a CEMS  |b BIB. CEMS - Inicial y Primaria  |h A868.4  |i Sch74  |k IP  |p 6452  |t Ej.1